"Cześć" w 10 europejskich językach - Statystyki

Ogólne statystyki
  • Ten quiz został rozwiązany 205 razy
  • Średni wynik to 8 z 10
Statystyki odpowiedzi
Przywitanie Język % Poprawnych
Привет (priwet) Rosyjski
99%
Cześć Polski
98%
Привіт (prywit) Ukraiński
97%
Hello Angielski
95%
Hola Hiszpański
95%
Ciao Włoski
92%
Hallo Niemiecki
89%
Salut Francuski
73%
مرحبا (merhaba) Turecki
57%
Hallo Niderlandzki
24%
Nie znaleziono quizów pasujących do podanych kryteriów
Rozkład punktacji
Procent ludzi z każdym wynikiem
Percentyl według liczby udzielonych odpowiedzi
Twoja historia wyników
Nie rozwiązałeś tego quizu